Recent developments in planning case law (Record no. 81632)

MARC details
000 -LEADER
fixed length control field 01522cab a2200205 4500
001 - CONTROL NUMBER
control field L147753
008 - FIXED-LENGTH DATA ELEMENTS--GENERAL INFORMATION
fixed length control field 150609e2009 000 0 eng u
035 ## - SYSTEM CONTROL NUMBER
System control number (Sirsi) u147753
041 ## - LANGUAGE CODE
Language code of text/sound track or separate title eng
100 ## - MAIN ENTRY--PERSONAL NAME
Personal name Pugh-Smith, John
245 ## - TITLE STATEMENT
Title Recent developments in planning case law
260 ## - PUBLICATION, DISTRIBUTION, ETC.
Date of publication, distribution, etc. 2009
490 ## - SERIES STATEMENT
Series statement Journal of Planning and Environment Law
Volume/sequential designation 6 2009, 663-686(24)
520 ## - SUMMARY, ETC.
Summary, etc. Summarises trends in the case law affecting land-use planning over the past 12 months up to February 2009. Cases reviewed cover development plan issues derived from Core Policy 2(1) and Core Strategies under s.113 of the Planning and Compulsory Purchase Act 2004; the need for due process by local planning authorities in their administration of the planning process; enforcement issues; environmental impact assessments (EIAs) that had been taken to the European Court of Justice (ECJ); the impact of applications within the Green Belt; plans relating to gypsies; the correct approach to the designation of conservation areas; the need for new rigour in the initial stages of a statutory challenge relying on the court's case management powers; jurisprudence issues on Lawful Development Certificates (LDCs); nature conservation issues; and challenges to the role of the inspector.
650 ## - SUBJECT ADDED ENTRY--TOPICAL TERM
Topical term or geographic name entry element PLANNING AND COMPULSORY PURCHASE ACT 2004
650 ## - SUBJECT ADDED ENTRY--TOPICAL TERM
Topical term or geographic name entry element PLANNING POLICY STATEMENT ONE
650 ## - SUBJECT ADDED ENTRY--TOPICAL TERM
Topical term or geographic name entry element TOWN AND COUNTRY PLANNING ACT 1990 S106
690 ## - LOCAL SUBJECT ADDED ENTRY--TOPICAL TERM (OCLC, RLIN)
Topical term or geographic name as entry element ENVIRONMENTAL AND LAND CONSULTANCY-PLANNING AND DEVELOPMENT
942 ## - ADDED ENTRY ELEMENTS (KOHA)
Suppress in OPAC 0
Holdings
Withdrawn status Lost status Source of classification or shelving scheme Damaged status Not for loan Home library Current library Shelving location Date acquired Total Checkouts Full call number Barcode Date last seen Copy number Price effective from Koha item type
    Dewey Decimal Classification     London London Journal article 15/06/2009   L147753 L147753 06/08/2019 1 06/08/2019 Journal article